Patrones de crecimiento y concentración de actividades urbanas en la gran área metropolitana de Costa Rica 1993-2010 = Growth patterns and concentration of urban activities in the greater metropolitan area of Costa Rica, 1993-2010 /
En esta ponencia se estudia la localización espacial y evolución temporal de las nuevas construcciones residenciales, industriales, comerciales y de otros servicios dentro de los distritos de la Gran Area Metropolitana (GAM) para el período 1993-2010; se analiza si ésta sigue un patrón especial que...
Сохранить в:
| Главный автор: | |
|---|---|
| Соавтор: | |
| Другие авторы: | , |
| Формат: | Материалы конференции |
| Предметы: | |
| Метки: |
Добавить метку
Нет меток, Требуется 1-ая метка записи!
|
MARC
| LEADER | 00000 a a2200000 04500 | ||
|---|---|---|---|
| 001 | 45118 | ||
| 003 | |||
| 040 | |||
| 100 | |a Pujol Mesalles, Rosendo | ||
| 245 | |a Patrones de crecimiento y concentración de actividades urbanas en la gran área metropolitana de Costa Rica 1993-2010 = |b Growth patterns and concentration of urban activities in the greater metropolitan area of Costa Rica, 1993-2010 / |c Rosendo Pujol Mesalles, Leonardo Sánchez Hernández, Eduardo Pérez Molina | ||
| 500 | |a rosendo.pujol@ucr.ac.cr |a lsanchez@produs.ucr.ac.cr |a eperez@produs.ucr.ac.cr | ||
| 520 | |a En esta ponencia se estudia la localización espacial y evolución temporal de las nuevas construcciones residenciales, industriales, comerciales y de otros servicios dentro de los distritos de la Gran Area Metropolitana (GAM) para el período 1993-2010; se analiza si ésta sigue un patrón especial que pueda reflejar la existencia de fuerzas de aglomeración. La ponencia está estructurada en 4 secciones. La primera sección describe los aspectos generales del área de estudio. La segunda resume los fundamentos metodológicos de la exploración realizada. La tercera sección presenta y comenta los resultados de las estimaciones hechas, evidenciando los patrones de localización espacial del sector residencial, industrial, comercial y servicios. Finalmente, se presentan las principales conclusiones. | ||
| 650 | |a URBANISMO | ||
| 650 | |a CONCENTRACION URBANA | ||
| 650 | |a SECTOR INDUSTRIAL | ||
| 650 | |a SECTOR TERCIARIO | ||
| 650 | |a ZONAS COMERCIALES | ||
| 650 | |a ZONAS RESIDENCIALES | ||
| 650 | |a COSTA RICA | ||
| 700 | |a Sánchez Hernández, Leonardo | ||
| 700 | |a Pérez Molina, Eduardo | ||
| 711 | |a Jornadas de Investigación Interdisciplinarias en Ciencias Sociales | ||
| 711 | |d 2011 30 de agosto-02 de setiembre : | ||
| 711 | |c San José, Costa Rica) | ||
| 773 | |g Número Especial (2011), páginas 191-209 : tablas, mapas | ||
| 999 | |c 25336 |d 25336 | ||
